Hydrogen peroxide medical miracle (Record no. 2585)

MARC details
000 -LEADER
fixed length control field 00389nam a22001457a 4500
008 - FIXED-LENGTH DATA ELEMENTS--GENERAL INFORMATION
fixed length control field 250321b |||||||| |||| 00| 0 eng d
020 ## - INTERNATIONAL STANDARD BOOK NUMBER
ISBN 9962636256
100 ## - MAIN ENTRY--AUTHOR
Author Douglass William Campbell
245 ## - TITLE STATEMENT
Title Hydrogen peroxide medical miracle
260 ## - PUBLICATION, DISTRIBUTION, ETC. (IMPRINT)
Place of publication Panama
Name of publisher Rhino Publishing
Date of publication 2003
300 ## - COLLATION
Pagination 177p
650 ## - TRACINGS
Main Subject Hydrogen peroxide
Subdivision (1st) Medical Usage
942 ## - ADDED ENTRY ELEMENTS (KOHA)
Item type Books
050 ## - LIBRARY OF CONGRESS CALL NUMBER
Classification number RM648
Item number .D68
Holdings
Source of classification or shelving scheme Not for loan Permanent location Current location Date acquired Accession No. Full call number Barcode. Koha item type
Library of Congress Classification   Medical Library Medical Library 03/21/2025 2018/2978 RM648.D68 2025-0867 Books